000 00534nam a2200181 i 4500
001 141607
003 ES-MaACL
005 20251005063116.0
007 t|
008 070926s1908 fr ||||1| fre d
100 0 _aVilliers de L'Isle-Adam, Auguste,
_ccomte de
_9115262
245 1 0 _aTribulat Bonhomet /
_cComte Villiers de l'Isle-Adam.
250 _a3e ed.
260 _aParis :
_b[s.n.],
_c1908 (
_eLagny :
_fEmile Colin)
300 _aVI, 286 p. ;
_c19 cm.
852 _aES-MaACL
_jG-15296
999 _c141607
_d141607